| 000 | 00434pab a2200157 454500 | ||
|---|---|---|---|
| 008 | 180718b2010 xxu||||| |||| 00| 0 eng d | ||
| 100 | _aBaekgaard, Martin | ||
| 245 | _aSelf-selection or socialization? A dynamic analysis of committee member preferences | ||
| 260 | _c2010 | ||
| 300 | _ap.337-359. | ||
| 362 | _aAug | ||
| 650 | _aLegislative committees | ||
| 773 | _aLegislative Studies Quarterly | ||
| 908 | _aN | ||
| 909 | _a89320 | ||
| 999 |
_c89320 _d89320 |
||